000 01401nam a22003617a 4500
003 CHAP
005 20250903062747.0
008 971013s1981 r 00010 d
010 _a72819
011 _a73791
035 _a83349
040 _cCHAP
090 _aTesis
100 0 0 _aAlanís Ruiz, Anastacio de Jesús.
_93338
245 _aEnsayo comparativo de la producción de forraje verde, materia seca, proteína cruda y total de nutrientes digestibles en 16 variedades de pastos ryes (lolium perenne, Lolium multiflorum y Lolium perenne x Lolium multiflorum en el C.N.E.I.E.Z.
260 _aMéxico, D.F. :
_bEl autor,
_c1981
300 _a155 h.
502 _aTesis (Médico Veterinario Zootecnista) -- UNAM. Fac. de Medicina Veterinaria y Zootecnia
590 _aALEPH
_b10
_c20130110
_lUCH01
_h1414
590 _aBATCH-UPD
_b10
_c20130110
_lUCH01
_h0630
590 _aBATCH-UPD
_b10
_c20130110
_lUCH01
_h2303
590 _aBATCH-UPD
_b10
_c20130410
_lUCH01
_h0314
590 _aBATCH-UPD
_b10
_c20130913
_lUCH01
_h2340
590 _aCONVERSION
_b10
_c20130109
_lUCH01
_h1340
650 1 7 _aForrajes
_xDigestibilidad
_2
_942568
650 1 4 _aLolium multiflorum.
_967504
650 1 4 _aLolium perenne.
_967505
650 1 4 _aMateria seca
_xDeterminación.
_972934
650 1 4 _aPlantas forrajeras
_xProteínas.
_988978
901 _aBK
942 _cTESIS
949 _bBC
_cTES
_d-37872
_eTS1
_i83349
_si
999 _c72819
_d72819